| 000 | 01213nam a2200229Ia 4500 | ||
|---|---|---|---|
| 001 | L232-14650 | ||
| 003 | IT-CnALBA | ||
| 008 | 170116s9999||||xx |||||||||||||| ||und|| | ||
| 040 |
_aIT-CnALBA _cIT-CnALBA |
||
| 041 | _aITALIANO | ||
| 100 | _aCIPRIANI SETTIMIO, MONS. | ||
| 245 | 0 | _aLA PASSIONE DI GESÙ. TRASMISSIONI DELLA RADIO VATICANA PER LA QUARESIMA 1986. | |
| 250 | _a1a ed. | ||
| 260 |
_a ROMA _bROGATE - LIBRERIA EDITRICE _c1986 [1° Ed.:1986 - Ed.Ling.Originale: 1986] |
||
| 300 | _a301 p. (prefazione: 7) | ||
| 500 | _aPASSIONE E REDENZIONE. BETANIA. GIUDA. PIETRO. PILATO. EUCARISTIA. GETSEMANI. ERODE ANTIPA. BARABBA. CIRENEO. GIOVANNI. LA MADRE. CENTURIONE. RISURREZIONE DI GESÙ. COAUTORI: V. DEL MAZZA. FR. CHARRIER. P. NESTI. F. SICILIANO ' | ||
| 501 | _aSocietà San Paolo EM - Piazza San Paolo, 14 - 12051 ALBA (CN) (non commercial uses only) ® Copyright 2017 | ||
| 520 | _aPASSIONE E REDENZIONE. BETANIA. GIUDA. PIETRO. PILATO. EUCARISTIA. GETSEMANI. ERODE ANTIPA. BARABBA. CIRENEO. GIOVANNI. LA MADRE. CENTURIONE. RISURREZIONE DI GESÙ. COAUTORI: V. DEL MAZZA. FR. CHARRIER. P. NESTI. F. SICILIANO ' | ||
| 650 | _aVITA E MISTERO DI CRISTO | ||
| 942 | _cBK | ||
| 957 | _71 | ||
| 999 |
_a19402 _bNO _g Copie: 1 _c273824 _d273824 |
||